Рациональная схема обогащения золото-сурьмяных руд одного из месторождений Средней Азии; Обогащение руд тяжелых цветных металлов

Bibliographic Details
Parent link:Обогащение руд тяжелых цветных металлов.— 1978.— C. 7-12
Main Author: Демидова Л. К.
Other Authors: Цой С. С., Демиденко Т. А.
Language:Russian
Published: 1978
Format: Book Chapter
KOHA link:https://koha.lib.tpu.ru/cgi-bin/koha/opac-detail.pl?biblionumber=219595

MARC

LEADER 00000naa2a2200000 4500
001 219595
005 20231031195132.0
035 |a (RuTPU)RU\TPU\book\239681 
035 |a RU\TPU\book\239680 
090 |a 219595 
100 |a 20120711d1978 k y0rusy50 ca 
101 0 |a rus 
102 |a UZ 
200 1 |a Рациональная схема обогащения золото-сурьмяных руд одного из месторождений Средней Азии  |f Л. К. Демидова, С. С. Цой, Т. А. Демиденко 
463 0 |0 (RuTPU)RU\TPU\book\239636  |t Обогащение руд тяжелых цветных металлов  |o научные труды  |f Среднеазиатский научно-исследовательский и проектный институт цветной металлургии  |v C. 7-12  |d 1978  |p 84 с.  |s Научные труды ; № 20 
700 1 |a Демидова  |b Л. К. 
701 1 |a Цой  |b С. С. 
701 1 |a Демиденко  |b Т. А. 
801 1 |a RU  |b 63413507  |c 20120711 
801 2 |a RU  |b 63413507  |c 20120711  |g RCR 
942 |c BK